[Event "Mike Shpan mem"]
[Site "Winnipeg CAN"]
[Date "2009.12.01"]
[Round "5"]
[White "Campbell, Gary"]
[Black "Trueman, Francis"]
[Result "0-1"]
[WhiteElo "1664"]
[BlackElo "1452"]
[PlyCount "40"]
[GameId "2160767910096285"]
[EventDate "2009.11.03"]
[EventType "swiss"]
[EventRounds "6"]
[EventCountry "CAN"]
[SourceTitle "EXT 2011"]
[Source "ChessBase"]
[SourceDate "2011.11.26"]
[SourceVersion "1"]
[SourceVersionDate "2011.11.26"]
[SourceQuality "1"]

1. d4 d6 2. c4 Nf6 3. Nc3 Nbd7 4. e4 e5 5. Nf3 exd4 6. Nxd4 g6 7. Be2 Bg7 8. O-O O-O 9. b4 c6 10. Qc2 Re8 11. Rd1 Qe7 12. f3 Nf8 13. Bf4 h5 14. Qd2 N6h7 15. Nc2 Qf6 16. Nd4 Rd8 17. Rac1 g5 18. Bg3 h4 19. Bf2 Ng6 20. Nc2 Qxc3 0-1

[Event "Mike Shpan mem"]
[Site "Winnipeg CAN"]
[Date "2009.12.01"]
[Round "5"]
[White "Lauritson, Jim"]
[Black "Dawa, Arvin"]
[Result "1/2-1/2"]
[WhiteElo "1906"]
[BlackElo "2107"]
[PlyCount "103"]
[GameId "2160767910096286"]
[EventDate "2009.11.03"]
[EventType "swiss"]
[EventRounds "6"]
[EventCountry "CAN"]

1. d4 Nf6 2. c4 g6 3. Nc3 Bg7 4. e4 d6 5. Be2 O-O 6. Nf3 e5 7. d5 Nbd7 8. Bg5 h6 9. Bh4 a5 10. Nd2 Nc5 11. b3 Bd7 12. O-O g5 13. Bg3 Ne8 14. a3 f5 15. f3 f4 16. Bf2 b6 17. b4 Nb7 18. Nb3 Rf6 19. c5 bxc5 20. bxc5 dxc5 21. Nxc5 Nxc5 22. Bxc5 Bf8 23. Bxf8 Kxf8 24. Bb5 h5 25. Qa4 Bxb5 26. Nxb5 g4 27. Qd1 Rg6 28. Rc1 Raa6 29. Kh1 Rg7 30. Rc6 Rxc6 31. dxc6 Qg5 32. Qe2 Qg6 33. Rc1 Nf6 34. Rc5 gxf3 35. Qxf3 Nxe4 36. Rxe5 Nf6 37. h3 Kg8 38. Nd4 Qb1+ 39. Kh2 Qb2 40. Qb3+ Qxb3 41. Nxb3 Rg3 42. Nxa5 Rxa3 43. Rf5 Kf7 44. Nc4 Ra6 45. Rxf4 Ke6 46. Ne3 Rxc6 47. g4 Ke5 48. Ra4 hxg4 49. Nxg4+ Nxg4+ 50. hxg4 Rg6 51. Kg3 c5 52. Rc4 1/2-1/2

[Event "Mike Shpan mem"]
[Site "Winnipeg CAN"]
[Date "2009.12.01"]
[Round "5"]
[White "Letain, Cory"]
[Black "Keer, Keer"]
[Result "1-0"]
[WhiteElo "1594"]
[BlackElo "1474"]
[PlyCount "55"]
[GameId "2160767910096287"]
[EventDate "2009.11.03"]
[EventType "swiss"]
[EventRounds "6"]
[EventCountry "CAN"]
[SourceTitle "EXT 2011"]
[Source "ChessBase"]
[SourceDate "2011.11.26"]
[SourceVersion "1"]
[SourceVersionDate "2011.11.26"]
[SourceQuality "1"]

1. e4 e5 2. Nf3 Nc6 3. Bb5 Bd6 4. O-O Nf6 5. Re1 O-O 6. Nc3 a6 7. Bc4 b5 8. Bb3 Na5 9. d4 Nxb3 10. axb3 exd4 11. Nxb5 Bb4 12. c3 axb5 13. Rxa8 dxc3 14. bxc3 Bxc3 15. Bd2 Bxd2 16. Qxd2 Qe7 17. e5 Ng4 18. h3 Nh6 19. b4 c6 20. Ra3 Rd8 21. Nd4 f6 22. Rg3 fxe5 23. Qxh6 Rf8 24. Qd2 Rf4 25. Qxf4 Qxb4 26. Rxe5 h6 27. Re8+ Kh7 28. Qf5+ 1-0

[Event "Mike Shpan mem"]
[Site "Winnipeg CAN"]
[Date "2009.12.01"]
[Round "5"]
[White "Schulz, Waldemar"]
[Black "Zaczek, Jonathon"]
[Result "1/2-1/2"]
[WhiteElo "1972"]
[BlackElo "2113"]
[PlyCount "60"]
[GameId "2160767910096288"]
[EventDate "2009.11.03"]
[EventType "swiss"]
[EventRounds "6"]
[EventCountry "CAN"]
[SourceTitle "EXT 2011"]
[Source "ChessBase"]
[SourceDate "2011.11.26"]
[SourceVersion "1"]
[SourceVersionDate "2011.11.26"]
[SourceQuality "1"]

1. d4 Nf6 2. c4 g6 3. Nc3 d5 4. cxd5 Nxd5 5. Nf3 Bg7 6. e4 Nxc3 7. bxc3 O-O 8. Rb1 b6 9. Be2 Bb7 10. Qc2 Nc6 11. O-O Rc8 12. Bf4 e5 13. Nxe5 Nxe5 14. Bxe5 Re8 15. Bxg7 Bxe4 16. Bd3 Bxd3 17. Qxd3 Kxg7 18. Rfe1 Qd7 19. Re3 Re6 20. Rbe1 Rce8 21. h3 f5 22. Qc4 Rxe3 23. Rxe3 Rxe3 24. fxe3 c6 25. Qa4 a5 26. c4 Qe6 27. Kf2 Qe4 28. d5 f4 29. exf4 Qxf4+ 30. Kg1 Qc1+ 1/2-1/2

[Event "Mike Shpan mem"]
[Site "Winnipeg CAN"]
[Date "2009.12.01"]
[Round "5"]
[White "Wasserman, Leor"]
[Black "Einarsson, Ken"]
[Result "1-0"]
[WhiteElo "1684"]
[BlackElo "1752"]
[PlyCount "35"]
[GameId "2160767910096289"]
[EventDate "2009.11.03"]
[EventType "swiss"]
[EventRounds "6"]
[EventCountry "CAN"]

1. e4 e5 2. Nf3 Nc6 3. Bc4 Bc5 4. O-O Nf6 5. d3 d5 6. exd5 Nxd5 7. Re1 O-O 8. Bxd5 Qxd5 9. Nc3 Qd8 10. Na4 Bd6 11. Ng5 f5 12. Bd2 h6 13. Nf3 f4 14. h3 Qf6 15. Nc3 Qg6 16. Kh1 Qh5 17. Nh2 Nd4 18. Qxh5 1-0

[Event "Mike Shpan mem"]
[Site "Winnipeg CAN"]
[Date "2009.12.01"]
[Round "6"]
[White "Babb, Jeff"]
[Black "Kernetsky, Myron"]
[Result "1/2-1/2"]
[WhiteElo "2046"]
[BlackElo "1973"]
[PlyCount "123"]
[GameId "2160767910096290"]
[EventDate "2009.11.03"]
[EventType "swiss"]
[EventRounds "6"]
[EventCountry "CAN"]
[SourceTitle "EXT 2011"]
[Source "ChessBase"]
[SourceDate "2011.11.26"]
[SourceVersion "1"]
[SourceVersionDate "2011.11.26"]
[SourceQuality "1"]

1. f4 Nf6 2. e3 d5 3. Nf3 g6 4. b3 Bg7 5. Bb2 O-O 6. Be2 c5 7. O-O Nc6 8. Ne5 Bd7 9. Bf3 Rc8 10. d3 e6 11. c4 Qc7 12. Qe2 Rfd8 13. Nc3 dxc4 14. Nxc4 Be8 15. Ne4 Qe7 16. Rac1 b6 17. Nxf6+ Bxf6 18. Bxf6 Qxf6 19. Bxc6 Bxc6 20. g4 h6 21. Rfd1 Rc7 22. Qf2 Rcd7 23. Ne5 Rd5 24. h4 g5 25. hxg5 hxg5 26. e4 Rd4 27. Nf3 Rxd3 28. Rxd3 Rxd3 29. Nxg5 Qh6 30. Re1 f6 31. Nf3 Qh3 32. Re3 Qxg4+ 33. Kf1 Bb5 34. Ke1 Qxf4 35. Rxd3 Bxd3 36. Nd2 Qxf2+ 37. Kxf2 Kf7 38. Ke3 Ba6 39. Kf4 e5+ 40. Ke3 Ke6 41. Nf3 f5 42. exf5+ Kxf5 43. Nd2 Bb7 44. Nc4 Ke6 45. Nd2 b5 46. Nb1 a6 47. Nd2 Kf5 48. Nb1 e4 49. Nc3 Ke5 50. Nd1 Bd5 51. Nc3 Bc6 52. Nd1 Bb7 53. Nc3 Bd5 54. Nd1 Bc6 55. Nc3 a5 56. Nd1 b4 57. Nb2 Bb5 58. Nd1 c4 59. bxc4 Bxc4 60. Nf2 Bd3 61. Ng4+ Kd6 62. Nf2 1/2-1/2

[Event "Mike Shpan mem"]
[Site "Winnipeg CAN"]
[Date "2009.12.01"]
[Round "6"]
[White "Keer, Keer"]
[Black "Rutter, Blair"]
[Result "1/2-1/2"]
[WhiteElo "1474"]
[BlackElo "1918"]
[PlyCount "133"]
[GameId "2160767910096291"]
[EventDate "2009.11.03"]
[EventType "swiss"]
[EventRounds "6"]
[EventCountry "CAN"]
[SourceTitle "EXT 2011"]
[Source "ChessBase"]
[SourceDate "2011.11.26"]
[SourceVersion "1"]
[SourceVersionDate "2011.11.26"]
[SourceQuality "1"]

1. e4 e6 2. d3 c5 3. Nc3 Nc6 4. Nf3 d5 5. exd5 exd5 6. Qe2+ Be7 7. Bg5 Be6 8. Bxe7 Qxe7 9. O-O-O Nf6 10. h4 O-O 11. Ng5 Nd4 12. Qe1 b5 13. f4 b4 14. Ne2 Nc6 15. Ng3 Qd7 16. Nxe6 fxe6 17. h5 h6 18. Be2 a5 19. Qf2 Nd4 20. Bf3 Qa4 21. Kb1 Nd7 22. f5 Nxf5 23. Nxf5 Rxf5 24. Qe2 Qc6 25. Bg4 Re5 26. Qf3 Nf6 27. Rhe1 Nxg4 28. Qxg4 Rf5 29. Re3 Raf8 30. Rde1 d4 31. Re4 R5f6 32. b3 Re8 33. g3 Qd6 34. Re5 Qc6 35. Kb2 Kf7 36. R1e4 Qd6 37. Qh3 Ke7 38. Qg4 Rg8 39. Qh4 Kd7 40. g4 g5 41. hxg6 Rgxg6 42. g5 Rf5 43. Rxf5 exf5 44. Rf4 Rxg5 45. a3 Qe6 46. axb4 axb4 47. Qh1 Qc6 48. Qa1 Qc7 49. Qa4+ Kd6 50. Qa6+ Qc6 51. Qa5 Ke5 52. Rh4 f4 53. Qd8 Rg6 54. Rh5+ Ke6 55. Qf8 Rf6 56. Rxh6 Ke5 57. Rxf6 Qxf6 58. Qxc5+ Ke6 59. Qxb4 f3 60. Qe1+ Kd6 61. Qg3+ Kd5 62. b4 f2 63. Qg2+ Kd6 64. Qf1 Qf4 65. c4 Qd2+ 66. Ka3 Qe1 67. Qh3 1/2-1/2

[Event "Mike Shpan mem"]
[Site "Winnipeg CAN"]
[Date "2009.12.01"]
[Round "6"]
[White "Zaczek, Jonathon"]
[Black "Dawa, Arvin"]
[Result "0-1"]
[WhiteElo "2113"]
[BlackElo "2107"]
[PlyCount "88"]
[GameId "2160767910096292"]
[EventDate "2009.11.03"]
[EventType "swiss"]
[EventRounds "6"]
[EventCountry "CAN"]
[SourceTitle "EXT 2011"]
[Source "ChessBase"]
[SourceDate "2011.11.26"]
[SourceVersion "1"]
[SourceVersionDate "2011.11.26"]
[SourceQuality "1"]

1. e4 c6 2. d4 d5 3. e5 Bf5 4. Nf3 e6 5. Be2 c5 6. c3 Nc6 7. O-O cxd4 8. cxd4 Nge7 9. Nc3 Bg4 10. Ng5 Bxe2 11. Nxe2 Qb6 12. Be3 Nf5 13. g4 Nh4 14. Ng3 h6 15. Nf3 Be7 16. Nh5 Rg8 17. Nxh4 Bxh4 18. Qd3 O-O-O 19. f4 Kb8 20. Kh1 Rc8 21. Rac1 g6 22. Nf6 Bxf6 23. exf6 h5 24. f5 exf5 25. gxf5 g5 26. Rg1 g4 27. Rc5 Rge8 28. Rgc1 Qxb2 29. Bf4+ Ka8 30. Rb1 Nb4 31. Qb3 Qxb3 32. axb3 Rxc5 33. dxc5 Re4 34. Bd6 Nc6 35. Kg2 b6 36. b4 a6 37. cxb6 Kb7 38. b5 axb5 39. Rxb5 d4 40. Rb3 h4 41. Bc7 Ne5 42. h3 g3 43. Rb1 d3 44. Rd1 Re2+ 0-1

[Event "Montcalm I 2009-10"]
[Site "Quebec CAN"]
[Date "2009.09.10"]
[Round "1"]
[White "Caire, Francois"]
[Black "Moisan, Francois"]
[Result "1-0"]
[WhiteElo "2210"]
[BlackElo "1801"]
[PlyCount "39"]
[GameId "2160767910093190"]
[EventDate "2009.08.10"]
[EventType "swiss"]
[EventRounds "5"]
[EventCountry "CAN"]
[SourceTitle "EXT 2011"]
[Source "ChessBase"]
[SourceDate "2011.11.26"]
[SourceVersion "1"]
[SourceVersionDate "2011.11.26"]
[SourceQuality "1"]

1. e4 e5 2. Nf3 Nc6 3. Bb5 a6 4. Ba4 Nf6 5. O-O b5 6. Bb3 Be7 7. d3 d6 8. c3 O-O 9. h3 Nb8 10. Nbd2 Bb7 11. Re1 c5 12. Nf1 Nbd7 13. Ng3 g6 14. h4 Kg7 15. h5 Nxh5 16. Nxh5+ gxh5 17. Qd2 Kh8 18. Qh6 f6 19. Nh4 Qe8 20. Nf5 1-0

[Event "Montcalm I 2009-10"]
[Site "Quebec CAN"]
[Date "2009.09.10"]
[Round "1"]
[White "Dube, Daniel"]
[Black "Tremblay, Rejean"]
[Result "0-1"]
[WhiteElo "1856"]
[BlackElo "2237"]
[PlyCount "56"]
[GameId "2160767910093191"]
[EventDate "2009.08.10"]
[EventType "swiss"]
[EventRounds "5"]
[EventCountry "CAN"]
[SourceTitle "EXT 2011"]
[Source "ChessBase"]
[SourceDate "2011.11.26"]
[SourceVersion "1"]
[SourceVersionDate "2011.11.26"]
[SourceQuality "1"]

1. d4 Nf6 2. c4 g6 3. Nc3 Bg7 4. e4 d6 5. f4 O-O 6. Nf3 c5 7. dxc5 Qa5 8. Bd3 Qxc5 9. Qe2 Nc6 10. Be3 Qa5 11. O-O Ng4 12. Bd2 Qb6+ 13. Kh1 Qxb2 14. Rab1 Qa3 15. Rb3 Qa5 16. h3 Nf6 17. Nb5 Qd8 18. e5 Nh5 19. Kh2 a6 20. Ra3 Bd7 21. exd6 axb5 22. Rxa8 Qxa8 23. cxb5 exd6 24. bxc6 Bxc6 25. Ng5 Re8 26. Qg4 Qxa2 27. Bb4 f5 28. Bxf5 gxf5 0-1

[Event "Montcalm I 2009-10"]
[Site "Quebec CAN"]
[Date "2009.09.10"]
[Round "1"]
[White "Sauve, Richard"]
[Black "Cummins, Paul"]
[Result "1/2-1/2"]
[WhiteElo "2046"]
[BlackElo "1692"]
[PlyCount "80"]
[GameId "2160767910093192"]
[EventDate "2009.08.10"]
[EventType "swiss"]
[EventRounds "5"]
[EventCountry "CAN"]
[SourceTitle "EXT 2011"]
[Source "ChessBase"]
[SourceDate "2011.11.26"]
[SourceVersion "1"]
[SourceVersionDate "2011.11.26"]
[SourceQuality "1"]

1. d4 Nf6 2. c4 e6 3. Nc3 Bb4 4. Qc2 O-O 5. Bg5 d5 6. e3 b6 7. a3 Be7 8. cxd5 exd5 9. Nf3 Bb7 10. Bd3 h6 11. Bh4 Nbd7 12. O-O c5 13. dxc5 bxc5 14. Rfd1 d4 15. exd4 Bxf3 16. gxf3 cxd4 17. Ne4 Ne5 18. Bxf6 Bxf6 19. f4 Nf3+ 20. Kh1 Be7 21. Qe2 Nh4 22. Rg1 f5 23. Bc4+ Kh8 24. Ng5 Qd7 25. Qe6 Qxe6 26. Nxe6 Rfc8 27. b3 Bf6 28. Rad1 Rab8 29. Rg3 Re8 30. Rgd3 Ng6 31. Nxd4 Re4 32. Nxf5 Rxf4 33. Nd6 Rxf2 34. Ne4 Rf4 35. Nxf6 Rxf6 36. Rd7 Ne5 37. Rxa7 Nxc4 38. bxc4 Rf2 39. Rc1 Rbb2 40. h4 Rh2+ 1/2-1/2

[Event "Montcalm I 2009-10"]
[Site "Quebec CAN"]
[Date "2009.09.10"]
[Round "1"]
[White "Servant, Michel"]
[Black "Plante, Rejean"]
[Result "0-1"]
[WhiteElo "1728"]
[BlackElo "2095"]
[PlyCount "70"]
[GameId "2160767910093193"]
[EventDate "2009.08.10"]
[EventType "swiss"]
[EventRounds "5"]
[EventCountry "CAN"]
[SourceTitle "EXT 2011"]
[Source "ChessBase"]
[SourceDate "2011.11.26"]
[SourceVersion "1"]
[SourceVersionDate "2011.11.26"]
[SourceQuality "1"]

1. c4 g6 2. Nc3 Bg7 3. g3 d6 4. Bg2 Nc6 5. Nf3 e5 6. O-O f5 7. d3 Nf6 8. Bg5 h6 9. Bxf6 Bxf6 10. Nd5 O-O 11. Qd2 Bg7 12. Nh4 Kh7 13. e3 Ne7 14. Rac1 c6 15. Nxe7 Qxe7 16. Nf3 Be6 17. h4 Rad8 18. Rfe1 d5 19. Qa5 b6 20. Qa4 dxc4 21. dxc4 e4 22. Nd4 Bxd4 23. exd4 Rxd4 24. Red1 c5 25. b3 Rfd8 26. Re1 a5 27. f3 Qd6 28. fxe4 Bd7 29. e5 Qc7 30. Qa3 Rd2 31. Bd5 Bc6 32. Rcd1 Rxd1 33. Rxd1 Bxd5 34. Rxd5 Rxd5 35. cxd5 Qxe5 0-1

[Event "Montcalm I 2009-10"]
[Site "Quebec CAN"]
[Date "2009.09.17"]
[Round "2"]
[White "Caron, Sebastien"]
[Black "Champetier, Serge"]
[Result "1/2-1/2"]
[WhiteElo "1994"]
[BlackElo "1954"]
[PlyCount "77"]
[GameId "2160767910093194"]
[EventDate "2009.08.10"]
[EventType "swiss"]
[EventRounds "5"]
[EventCountry "CAN"]
[SourceTitle "EXT 2011"]
[Source "ChessBase"]
[SourceDate "2011.11.26"]
[SourceVersion "1"]
[SourceVersionDate "2011.11.26"]
[SourceQuality "1"]

1. e4 d6 2. d4 Nf6 3. Nc3 g6 4. Nf3 Bg7 5. Be2 O-O 6. O-O Bg4 7. Be3 Nc6 8. Qd2 e5 9. dxe5 dxe5 10. h3 Bxf3 11. Qxd8 Rfxd8 12. Bxf3 Nd4 13. Bxd4 exd4 14. Ne2 Nd7 15. Nf4 Ne5 16. Nd3 Nxf3+ 17. gxf3 Rac8 18. Nf4 b6 19. Rfe1 c6 20. Re2 Bh6 21. Nd3 c5 22. b3 Kf8 23. a4 c4 24. bxc4 Rxc4 25. Ra2 Ke7 26. f4 Rdc8 27. Kg2 Rc3 28. Nb4 Kd6 29. Nd3 R8c4 30. Kf3 Kc7 31. Kg4 Kb7 32. f3 Ka6 33. Nb2 Rc6 34. Nd3 Ka5 35. Ne5 Rf6 36. Nd3 Rfc6 37. e5 R3c4 38. Nc1 Ka6 39. Nd3 1/2-1/2

[Event "Montcalm I 2009-10"]
[Site "Quebec CAN"]
[Date "2009.09.17"]
[Round "2"]
[White "Marquis, Paul"]
[Black "Caire, Francois"]
[Result "0-1"]
[WhiteElo "1900"]
[BlackElo "2210"]
[PlyCount "88"]
[GameId "2160767910093195"]
[EventDate "2009.08.10"]
[EventType "swiss"]
[EventRounds "5"]
[EventCountry "CAN"]
[SourceTitle "EXT 2011"]
[Source "ChessBase"]
[SourceDate "2011.11.26"]
[SourceVersion "1"]
[SourceVersionDate "2011.11.26"]
[SourceQuality "1"]

1. e4 g6 2. d4 Bg7 3. Nc3 d6 4. Be3 c6 5. Qd2 b5 6. g3 Nd7 7. Bg2 Nb6 8. b3 Bb7 9. Rd1 Nf6 10. Bh6 Bxh6 11. Qxh6 Qc7 12. Nh3 O-O-O 13. O-O Kb8 14. f3 a6 15. Qe3 h6 16. Nf2 c5 17. dxc5 Qxc5 18. Qxc5 dxc5 19. e5 Nfd5 20. Nxd5 Nxd5 21. Rfe1 Nb4 22. f4 Bxg2 23. Kxg2 Nxc2 24. Re2 Rxd1 25. Nxd1 Nb4 26. Ne3 Rc8 27. a3 Nc6 28. Nc2 Kb7 29. Kf2 Kb6 30. Ke3 Rd8 31. Ke4 Rd1 32. Ne3 Rd4+ 33. Kf3 Rd3 34. Rb2 c4 35. bxc4 Na5 36. cxb5 Rxe3+ 37. Kxe3 Nc4+ 38. Ke4 Nxb2 39. bxa6 e6 40. g4 Kxa6 41. h4 Kb5 42. h5 gxh5 43. gxh5 Nc4 44. f5 Nxa3 0-1

[Event "Montcalm I 2009-10"]
[Site "Quebec CAN"]
[Date "2009.09.17"]
[Round "2"]
[White "Plante, Rejean"]
[Black "Cournoyer, Dominic"]
[Result "1/2-1/2"]
[WhiteElo "2095"]
[BlackElo "1903"]
[PlyCount "95"]
[GameId "2160767910093196"]
[EventDate "2009.08.10"]
[EventType "swiss"]
[EventRounds "5"]
[EventCountry "CAN"]
[SourceTitle "EXT 2011"]
[Source "ChessBase"]
[SourceDate "2011.11.26"]
[SourceVersion "1"]
[SourceVersionDate "2011.11.26"]
[SourceQuality "1"]

1. Nf3 d5 2. g3 Nf6 3. Bg2 g6 4. O-O Bg7 5. c4 c6 6. d4 O-O 7. b3 Nbd7 8. Bb2 Ne4 9. Nc3 Ndf6 10. Rc1 Nxc3 11. Bxc3 Bf5 12. Ne5 Ne4 13. Be1 Rc8 14. f3 Nf6 15. e3 Bh6 16. Qe2 Nd7 17. g4 Be6 18. cxd5 cxd5 19. Rxc8 Qxc8 20. Nd3 f5 21. h3 fxg4 22. hxg4 b6 23. Bb4 Re8 24. Rc1 Qb7 25. f4 Bf8 26. Rf1 Nf6 27. Ne5 Rc8 28. f5 gxf5 29. gxf5 Bd7 30. a4 a5 31. Be1 Be8 32. Qf3 Rc1 33. Qg3+ Kh8 34. Bf3 Bh6 35. Bf2 Rxf1+ 36. Kxf1 b5 37. Qh2 Bg7 38. Be1 bxa4 39. bxa4 Qb3 40. Qf4 Bxa4 41. Bxa5 Qb5+ 42. Kg2 Qxa5 43. Nf7+ Kg8 44. Ng5 Qd8 45. Ne6 Qe8 46. Qg5 Qf7 47. Nd8 Qe8 48. Ne6 1/2-1/2

[Event "Montcalm I 2009-10"]
[Site "Quebec CAN"]
[Date "2009.09.17"]
[Round "2"]
[White "Rainfray, Arnaud"]
[Black "Bleau, John"]
[Result "1-0"]
[WhiteElo "2383"]
[BlackElo "1870"]
[PlyCount "68"]
[GameId "2160767910093197"]
[EventDate "2009.08.10"]
[EventType "swiss"]
[EventRounds "5"]
[EventCountry "CAN"]
[SourceTitle "EXT 2011"]
[Source "ChessBase"]
[SourceDate "2011.11.26"]
[SourceVersion "1"]
[SourceVersionDate "2011.11.26"]
[SourceQuality "1"]

1. e4 c5 2. Nf3 d6 3. d4 cxd4 4. Nxd4 Nf6 5. Nc3 g6 6. f3 Bg7 7. Be3 O-O 8. Qd2 Nc6 9. O-O-O h5 10. h4 Rb8 11. Kb1 d5 12. Bf4 e5 13. Nxc6 bxc6 14. Bg5 d4 15. Bc4 Be6 16. Bxe6 fxe6 17. Na4 Qe7 18. c4 Qa3 19. Qc2 Rb4 20. Nc5 Rfb8 21. Nd3 Ra4 22. b3 Nd7 23. c5 Ra6 24. g4 Bf8 25. Bc1 Qa4 26. gxh5 Nxc5 27. Nxc5 Bxc5 28. Qb2 Qa5 29. Rhg1 d3 30. Rxg6+ Kf7 31. Rxd3 Bd4 32. Qg2 Ke7 33. Rg7+ Kd6 34. Qc2 Qe1 1-0

[Event "Montcalm I 2009-10"]
[Site "Quebec CAN"]
[Date "2009.09.17"]
[Round "2"]
[White "Tremblay, Rejean"]
[Black "Chiffot, Nicolas"]
[Result "1-0"]
[WhiteElo "2237"]
[BlackElo "1992"]
[PlyCount "61"]
[GameId "2160767910093198"]
[EventDate "2009.08.10"]
[EventType "swiss"]
[EventRounds "5"]
[EventCountry "CAN"]
[SourceTitle "EXT 2011"]
[Source "ChessBase"]
[SourceDate "2011.11.26"]
[SourceVersion "1"]
[SourceVersionDate "2011.11.26"]
[SourceQuality "1"]

1. e4 e6 2. d4 d5 3. Nd2 c5 4. exd5 Qxd5 5. Ngf3 cxd4 6. Bc4 Qd6 7. O-O Nf6 8. Nb3 Nc6 9. Nbxd4 Nxd4 10. Qxd4 Qxd4 11. Nxd4 a6 12. Be2 Be7 13. Re1 e5 14. Nf3 e4 15. Nd4 O-O 16. Bg5 h6 17. Bh4 Re8 18. Bc4 Bd7 19. c3 Rac8 20. Bb3 b5 21. a3 g5 22. Bg3 Bc5 23. Rad1 Bg4 24. Rd2 Rcd8 25. h3 Bh5 26. Rc2 Bg6 27. Rcc1 Nh5 28. Bc7 Rd7 29. Ba5 Nf4 30. Rcd1 Nd3 31. Rxd3 1-0

[Event "Montcalm I 2009-10"]
[Site "Quebec CAN"]
[Date "2009.09.24"]
[Round "3"]
[White "Caire, Francois"]
[Black "Rainfray, Arnaud"]
[Result "0-1"]
[WhiteElo "2210"]
[BlackElo "2383"]
[PlyCount "48"]
[GameId "2160767910093199"]
[EventDate "2009.08.10"]
[EventType "swiss"]
[EventRounds "5"]
[EventCountry "CAN"]
[SourceTitle "EXT 2011"]
[Source "ChessBase"]
[SourceDate "2011.11.26"]
[SourceVersion "1"]
[SourceVersionDate "2011.11.26"]
[SourceQuality "1"]

1. e4 e5 2. Nf3 Nc6 3. Bb5 a6 4. Ba4 Nf6 5. O-O b5 6. Bb3 Bc5 7. d3 d6 8. a4 Rb8 9. axb5 axb5 10. h3 Be6 11. Bxe6 fxe6 12. c3 O-O 13. d4 Bb6 14. dxe5 Nxe5 15. Nxe5 dxe5 16. Qe2 Nxe4 17. Be3 Ng3 18. fxg3 Bxe3+ 19. Kh2 Rxf1 20. Qxf1 Qf6 21. Qe2 Bf2 22. Qe4 Qg5 23. Qf3 Rf8 24. Ra8 Bxg3+ 0-1

[Event "Montcalm I 2009-10"]
[Site "Quebec CAN"]
[Date "2009.09.24"]
[Round "3"]
[White "Champetier, Serge"]
[Black "Plante, Rejean"]
[Result "0-1"]
[WhiteElo "1954"]
[BlackElo "2095"]
[PlyCount "50"]
[GameId "2160767910093200"]
[EventDate "2009.08.10"]
[EventType "swiss"]
[EventRounds "5"]
[EventCountry "CAN"]
[SourceTitle "EXT 2011"]
[Source "ChessBase"]
[SourceDate "2011.11.26"]
[SourceVersion "1"]
[SourceVersionDate "2011.11.26"]
[SourceQuality "1"]

1. e4 d5 2. exd5 Qxd5 3. Nc3 Qd6 4. d4 Nf6 5. Nf3 a6 6. Bc4 b5 7. Bb3 Bb7 8. Ne5 e6 9. Bf4 Qd8 10. O-O Be7 11. Re1 O-O 12. a4 b4 13. Ne2 Nd5 14. Bg3 c5 15. Qd2 Nc6 16. Nxc6 Bxc6 17. dxc5 Bxc5 18. Nd4 Nf6 19. Rad1 Bd5 20. Qe2 Qb6 21. a5 Qxa5 22. Bh4 Rfd8 23. Bxf6 gxf6 24. Qg4+ Kf8 25. Bxd5 Rxd5 0-1

[Event "Montcalm I 2009-10"]
[Site "Quebec CAN"]
[Date "2009.09.24"]
[Round "3"]
[White "Cournoyer, Dominic"]
[Black "Bergeron, Marc"]
[Result "1-0"]
[WhiteElo "1903"]
[BlackElo "1978"]
[PlyCount "77"]
[GameId "2160767910093201"]
[EventDate "2009.08.10"]
[EventType "swiss"]
[EventRounds "5"]
[EventCountry "CAN"]
[SourceTitle "EXT 2011"]
[Source "ChessBase"]
[SourceDate "2011.11.26"]
[SourceVersion "1"]
[SourceVersionDate "2011.11.26"]
[SourceQuality "1"]

1. c4 Nf6 2. Nc3 g6 3. Nf3 Bg7 4. g3 O-O 5. Bg2 c5 6. d4 cxd4 7. Nxd4 Nc6 8. O-O Nxd4 9. Qxd4 d6 10. Rd1 Qb6 11. Qxb6 axb6 12. Bd2 Be6 13. b3 Nd7 14. Bxb7 Ra7 15. Bg2 Rc7 16. Rac1 Rfc8 17. Nb5 Rc5 18. Be3 Re5 19. Na7 Re8 20. Nc6 Rh5 21. Bf3 Rh3 22. Nd4 Ne5 23. Bg2 Bc8 24. Bxh3 Bxh3 25. Nf3 Nd7 26. Bd4 Bh6 27. e3 Bg4 28. Kg2 e5 29. Bc3 e4 30. Nd4 Bxd1 31. Rxd1 Bf8 32. Nb5 Nc5 33. Bd4 Nd3 34. Nc7 Rb8 35. Nd5 Bg7 36. Bxb6 f5 37. Bd4 Bxd4 38. exd4 Kf7 39. Rd2 1-0

[Event "Montcalm I 2009-10"]
[Site "Quebec CAN"]
[Date "2009.10.01"]
[Round "4"]
[White "Caire, Francois"]
[Black "Cournoyer, Dominic"]
[Result "1-0"]
[WhiteElo "2210"]
[BlackElo "1903"]
[PlyCount "35"]
[GameId "2160767910093202"]
[EventDate "2009.08.10"]
[EventType "swiss"]
[EventRounds "5"]
[EventCountry "CAN"]
[SourceTitle "EXT 2011"]
[Source "ChessBase"]
[SourceDate "2011.11.26"]
[SourceVersion "1"]
[SourceVersionDate "2011.11.26"]
[SourceQuality "1"]

1. d4 d5 2. Nf3 Nf6 3. c4 c6 4. Nc3 e6 5. e3 Bd6 6. Bd3 O-O 7. e4 dxe4 8. Nxe4 Nxe4 9. Bxe4 Nd7 10. O-O f5 11. Bd3 e5 12. c5 Bb8 13. Bc4+ Kh8 14. Ng5 Qf6 15. Nxh7 Qh4 16. Nxf8 Nxf8 17. g3 Qf6 18. dxe5 1-0

[Event "Montcalm I 2009-10"]
[Site "Quebec CAN"]
[Date "2009.10.01"]
[Round "4"]
[White "Marquis, Paul"]
[Black "Sauve, Richard"]
[Result "0-1"]
[WhiteElo "1900"]
[BlackElo "2046"]
[PlyCount "98"]
[GameId "2160767910093203"]
[EventDate "2009.08.10"]
[EventType "swiss"]
[EventRounds "5"]
[EventCountry "CAN"]
[SourceTitle "EXT 2011"]
[Source "ChessBase"]
[SourceDate "2011.11.26"]
[SourceVersion "1"]
[SourceVersionDate "2011.11.26"]
[SourceQuality "1"]

1. e4 e6 2. d4 d5 3. Nd2 Nf6 4. e5 Nfd7 5. f4 c5 6. c3 Nc6 7. Ne2 f6 8. Nf3 Be7 9. g3 O-O 10. Bh3 fxe5 11. Bxe6+ Kh8 12. dxe5 Ndxe5 13. Bxd5 Nxf3+ 14. Bxf3 Qxd1+ 15. Kxd1 Ne5 16. Be4 Ng4 17. Ke1 Rb8 18. h3 Nf6 19. Bf3 Be6 20. Be3 Nd5 21. Bf2 b6 22. Rd1 Rbd8 23. Bxd5 Rxd5 24. b3 Rh5 25. f5 Rhxf5 26. Nf4 Re5+ 27. Kf1 Bg5 28. Nxe6 Rxe6 29. Re1 Ref6 30. Rh2 Bd2 31. Re4 Bxc3 32. Ke2 h6 33. Be3 Kh7 34. Rf2 Rxf2+ 35. Bxf2 Bf6 36. Be3 Rd8 37. Bf4 Kg6 38. g4 Kf7 39. Be3 Re8 40. Rf4 Kg6 41. Rf3 Bd4 42. h4 h5 43. g5 Rxe3+ 44. Rxe3 Bxe3 45. Kxe3 Kf5 46. Kd3 Kg4 47. Ke4 Kxh4 48. Kf5 b5 49. g6 c4 0-1